Kerala district gazetteers: Trivandrum (Record no. 486424)
[ view plain ]
| 000 -LEADER | |
|---|---|
| fixed length control field | 00424cam a22001337a 4500 |
| 008 - FIXED-LENGTH DATA ELEMENTS--GENERAL INFORMATION | |
| fixed length control field | 180718b1962 xxu||||| |||| 00| 0 eng d |
| 082 ## - DEWEY DECIMAL CLASSIFICATION NUMBER | |
| Classification number | A75 K45TR |
| 245 ## - TITLE STATEMENT | |
| Title | Kerala district gazetteers: Trivandrum |
| Statement of responsibility, etc. | edited by A. Sreedhara Menon |
| 260 ## - PUBLICATION, DISTRIBUTION, ETC. | |
| Place of publication, distribution, etc. | Trivandrum |
| Name of publisher, distributor, etc. | Kerala District Gazetteers |
| Date of publication, distribution, etc. | 1962 |
| 300 ## - PHYSICAL DESCRIPTION | |
| Extent | 783+p. |
| 500 ## - GENERAL NOTE | |
| General note | Library also has supplement |
| 650 ## - SUBJECT ADDED ENTRY--TOPICAL TERM | |
| Topical term or geographic name entry element | Trivandrum - Gazetteers |
| 700 ## - ADDED ENTRY--PERSONAL NAME | |
| Personal name | Menon, A. Sreedhara |
| Withdrawn status | Lost status | Damaged status | Not for loan | Permanent Location | Current Location | Date acquired | Full call number | Barcode | Date last seen | Price effective from | Koha item type |
|---|---|---|---|---|---|---|---|---|---|---|---|
| Indian Institute of Public Administration | Indian Institute of Public Administration | 2018-08-04 | A75 K45TR | G16559 | 2018-08-04 | 2018-08-04 | G | ||||
| Indian Institute of Public Administration | Indian Institute of Public Administration | 2018-08-04 | A75 K45TR | G7860 | 2018-08-04 | 2018-08-04 | G | ||||
| Indian Institute of Public Administration | Indian Institute of Public Administration | 2018-08-04 | A75 K45TR | GG962 | 2018-08-04 | 2018-08-04 | GG | ||||
| Indian Institute of Public Administration | Indian Institute of Public Administration | 2018-08-04 | A75 K45TR | GG961 | 2018-08-04 | 2018-08-04 | GG |
